000 00294nam a22001337a 4500
020 _a0-7214-1935-6
082 _a823
_bJEA/T
100 _aJEAN
100 _aADAMSON, GARETH
245 _aBUSY BUILDERS
_bTOPSY + TIM
260 _aUK
_bLADYBIRD
650 _aENGLISH SHORT STORY
_zUK
942 _cBK
999 _c4097
_d4097